Wordt geladen...
കടലറിവുകളും നേരനുഭവങ്ങളും (Kadalarivukalum Neranubhavangalum)
കടലറിവുകള് സാധാരണ മത്സ്യത്തൊഴിലാളികള്ക്കു മാത്രമല്ല ശാസ്ത്രലോകത്തിനും മുതല്ക്കൂട്ടാകുന്നു. മത്സ്യബന്ധനത്തില് പങ്കെടുത്ത പ്രായോഗിക പരിജ്ഞാനവും ഒരു ഗവേഷകന്റെ അന്വേഷണ ത്വരയും റോബര്ട്ട് പനിപ്പിള്ളയില് ഒത്തുചേരുന്നു. വഞ്ചിയെടുത്ത് കടലില് പോയി മീന് വാരി തിരികെയെത്തുകയല്ല മത്സ്യബന്ധനത്തൊഴിലാളികള്....
| Hoofdauteur: | |
|---|---|
| Formaat: | Printed Book |
| Gepubliceerd in: |
തിരുവനന്തപുരം (Thiruvananthapuram)
ചിന്ത (Chintha)
2018
|
| Editie: | 2 |
| Onderwerpen: |
| LEADER | 02336nam a22001697a 4500 | ||
|---|---|---|---|
| 999 | |c 59007 |d 59007 | ||
| 020 | |a 9789387842649 | ||
| 082 | |a M398.3 |b ROB/K | ||
| 100 | |a റോബർട്ട് പനിപ്പിള്ള (Robert Panippilla) | ||
| 245 | |a കടലറിവുകളും നേരനുഭവങ്ങളും (Kadalarivukalum Neranubhavangalum) | ||
| 250 | |a 2 | ||
| 260 | |a തിരുവനന്തപുരം (Thiruvananthapuram) |b ചിന്ത (Chintha) |c 2018 | ||
| 300 | |a 168p. |b ill. | ||
| 520 | |a കടലറിവുകള് സാധാരണ മത്സ്യത്തൊഴിലാളികള്ക്കു മാത്രമല്ല ശാസ്ത്രലോകത്തിനും മുതല്ക്കൂട്ടാകുന്നു. മത്സ്യബന്ധനത്തില് പങ്കെടുത്ത പ്രായോഗിക പരിജ്ഞാനവും ഒരു ഗവേഷകന്റെ അന്വേഷണ ത്വരയും റോബര്ട്ട് പനിപ്പിള്ളയില് ഒത്തുചേരുന്നു. വഞ്ചിയെടുത്ത് കടലില് പോയി മീന് വാരി തിരികെയെത്തുകയല്ല മത്സ്യബന്ധനത്തൊഴിലാളികള്. അത് തപസ്സാണ്. ആകാശത്തെ താരാഗണങ്ങള് അവര്ക്ക് വഴികാട്ടികളാണ്. കടലിലെ സൂക്ഷ്മജീവികള് വഴിവിളക്കുകളാണ്. വരൂ റോബര്ട്ട് പനിപ്പിള്ളയുടെ വഞ്ചിയില് കയറൂ, നമുക്ക് കടലിലേക്കുപോകാം. പുറംകടലും അകം കടലും കാണാം. മഴ നനയാം, നിലാവുകൊള്ളാം. കൊടുങ്കാറ്റിനെ ചങ്കൂറ്റത്താല് തളയ്ക്കാം. | ||
| 650 | |a Fishermen-Fisherman -floks |a Sea folklore |a Ocean -Ecology-Environment | ||
| 942 | |c BK | ||
| 952 | |0 0 |1 0 |4 0 |6 M_398_300000000000000_ROB_K |7 0 |9 66103 |a KUCL |c M |d 2020-07-16 |g 200.00 |l 0 |o M398.3 ROB/K |p 50296 |r 2020-07-16 |w 2020-07-16 |y BK | ||